000 00550nam a2200169 4500
001 135977
003 ES-MaACL
005 20230906195014.0
007 t|
008 070214s1966 sp r ||||1| spa d
100 1 _aRuiz de Gordoa, José.
_9100742
245 1 0 _aAlava ante la Ley Orgánica y el referéndum de 14 de diciembre de 1966 /
_cJosé Ruiz de Gordoa.
260 _aVitoria :
_bDiputación Foral de Alava,
_c1966.
300 _a16 p. ;
_c22 cm.
710 1 _aÁlava.
_bConsejo de Cultura.
_91309
852 _aES-MaACL
_j2042-F-25
_bR.62521
999 _c135977
_d135977